LEADER 00899nam a2200229 u 4500 001 000000092684 003 CaOOAMICUS 005 20070226124951.0 008 060719s2002 enk u000 u eng u 020 $a0521091152 035 $a11095837 040 $aPUL$bita 100 1 $aRyle, Gilbert,$d1900-1976.$0(OLS)http://pul/name/7073 245 10$aDilemmas :$bthe tarner lectures 1953 /$cby Gilbert Ryle. 260 $aCambridge [etc.] :$bUniversity Press,$c2002. 300 $a129 p. ;$c22 cm 850 $aPUL 852 $aPUL$W1$xSL Filosofia 3$y81$m192 RYLGI 1$j116536$nBK-PRI$qDDC 21$B116536$CPULBib$Z2$F116536 $HPUL100549 $81 941 1 $a9 996 $6020$a0521091152$9(OLS)http://pul/number/121872 996 $6245$aDilemmas :$bthe tarner lectures 1953$9(OLS)http://pul/title/119600 996 $6260$aCambridge [etc.] :$bUniversity Press$9(OLS)http://pul/publisher/79135 LEADER 01321nam a2200265 a 4500 001 000000162102 003 CaOOAMICUS 005 20170719152656.0 008 170719s1986 ii m 001 u eng r 032 $aLibriCat 040 $aPUL$bita 100 1 $aFlórez, Generoso M.$0(OLS)http://pul/name/103930 245 13$aAn appeal to the Church : $bRiccardo Lombardi, s. j., his person, his work, and its significance for the Church of Asia / $cGeneroso M. Florez . 260 $aAnand (India) :$b[s.n.],$c1986. 300 $axiv, 216 p ;$c25 cm. 502 $aEstratto di Tesi -- Pontificia Universitas Gregoriana. Facultas Missiologiae. 1983. 504 $aBibliografia in nota a pič pagina. 650 04$aMissioni$zAsia.$0(OLS)http://pul/subject/25679 710 2 $aPontificia Universitā Gregoriana.$bFacoltā di missiologia.$kTesi.$0(OLS)http://pul/name/82191 850 $aPUL 852 $aPUL$W1$xDP1 Tesi Pon. Univ. Gregoriana$y40$mTH PUG 3431$j186087$qTesi$B189308$CPULBib$Z2$F189308 $H59950 $82 941 1 $a16 996 $6245$aAn appeal to the Church : $bRiccardo Lombardi, s. j., his person, his work, and its significance for the Church of Asia / $9(OLS)http://pul/title/201865 996 $6260$aAnand (India) :$b[s.n.]$9(OLS)http://pul/publisher/86394